Normal view
MARC view
- Yao, Xuliang.
Entry Personal Name
001 - CONTROL NUMBER
- control field: 54331
003 - CONTROL NUMBER IDENTIFIER
- control field: OSt
005 - DATE AND TIME OF LATEST TRANSACTION
- control field: 20240312100107.0
008 - FIXED-LENGTH DATA ELEMENTS
- fixed length control field: 240312|| aca||aabn | a|a d
040 ## - CATALOGING SOURCE
- Original cataloging agency: OSt
- Transcribing agency: OSt
100 ## - HEADING--PERSONAL NAME
- Personal name: Yao, Xuliang.
- Relator term: author.
670 ## - SOURCE DATA FOUND
- Source citation: Work cat.: (OSt): Wang, Jingfang. author. 54329, A simple 24-pulse rectifier employing an auxiliary pulse-doubling circuit /, July 2022.
